| 000 | 00675nam a2200205 i 4500 | ||
|---|---|---|---|
| 001 | 151111 | ||
| 003 | ES-MaACL | ||
| 005 | 20230906203834.0 | ||
| 007 | t| | ||
| 008 | 071210s1878 gw ||||1| eng d | ||
| 100 | 1 |
_aFullerton, Georgiana. _953008 |
|
| 245 | 1 | 4 |
_aThe notary's daughter _b: a tale / _cfrom the french of Madame Léonie D'Aulney by Lady Georgiana Fullerton. |
| 260 |
_aLeipzig : _bBernhard Tauchnitz, _c1878. |
||
| 300 |
_a296 p. ; _c16 cm. |
||
| 490 | 1 |
_aCollection of British authors ; _v1769 |
|
| 700 | 1 |
_aAulney, Léonie d'. _923912 |
|
| 830 | 0 |
_aCollection of British authors ; _v1769 _9180703 |
|
| 852 |
_aES-MaACL _jG-12436 |
||
| 999 |
_c151111 _d151111 |
||